000 01238nam a2200301Ia 4500
001 ebr10342192
003 CaPaEBR
006 m u
007 cr cn|||||||||
008 091007s2009 bcca sb 001 0 eng d
020 _z9780865716599
020 _z0865716595
040 _aCaPaEBR
_cCaPaEBR
035 _a(OCoLC)646843877
050 1 4 _aHD75
_b.N53 2009eb
100 1 _aNickerson, Mike,
_d1951-
245 1 0 _aLife, money and illusion
_h[electronic resource] :
_bliving on earth as if we want to stay /
_cMike Nickerson.
260 _aGabriola Island, BC :
_bNew Society ;
_aLanark, ON :
_bSeven Generations Pub.,
_cc2009.
300 _axx, 443 p. :
_bill.
504 _aIncludes bibliographical references and index.
533 _aElectronic reproduction.
_bPalo Alto, Calif. :
_cebrary,
_d2010.
_nAvailable via World Wide Web.
_nAccess may be limited to ebrary affiliated libraries.
650 0 _aEconomic development
_xEnvironmental aspects.
650 0 _aSustainable development.
650 0 _aEconomic policy.
655 7 _aElectronic books.
_2local
710 2 _aebrary, Inc.
856 4 0 _uhttp://site.ebrary.com/lib/rucke/Doc?id=10342192
_zAn electronic book accessible through the World Wide Web; click to view
999 _c155517
_d155517